| 000 | 00566nam a2200193Ia 4500 | ||
|---|---|---|---|
| 005 | 20250507130225.0 | ||
| 008 | 008 250505s9999 xx 000 0 eng d | ||
| 037 | _aSeries Article | ||
| 040 |
_aEASL _beng _cEASL |
||
| 041 |
_aeng _2eng |
||
| 084 | _qEASL | ||
| 100 |
_aPurohit Teena _9443400 |
||
| 245 | 0 | _aIdentity politics revisited:secular and 'Dissonat' Islam in colonial South Asia | |
| 260 |
_aUK _bCambridge Cambridge University Press UK _c2011 |
||
| 300 | _a709-734 | ||
| 650 | _aPolitics | ||
| 942 | _cSRA | ||
| 999 |
_c1318406 _d1318406 |
||